Uplatnenie matematických modelov v ekonomike strojárstva /

Uložené v:
Podrobná bibliografia
Hlavný autor: Podobová, Tatiana (Author)
Médium: Kniha
Jazyk:Slovak
Vydané: Košice : Štátna vedecká kniznica, 1973.
Fyzický popis: 13 s.
Tagy: Pridať tag
Žiadne tagy, Buďte prvý kto otaguje tento záznam!

MARC

LEADER 00000nam a2200000 a 4500
001 000168921
005 20091002110903.0
008 040101 1973 xo slo d
040 |a SVKKK  |b slo  |c SVKKK  |e AACR2 
041 0 |a slo 
044 |a xo  |c SK 
100 1 |a Podobová, Tatiana,  |4 aut 
245 1 0 |a Uplatnenie matematických modelov v ekonomike strojárstva /  |c Tatiana Podobová. 
260 |a Košice :  |b Štátna vedecká kniznica,  |c 1973. 
300 |a 13 s. 
910 |a svkkk 
998 |a BK 
090 |g SCKHL  |k Sklad Pribinova 2. posch.  |a II.203290  |j 494312  |i 2720466528  |s Absenčne